Представление документа в формате RUSMARC

ПолеНазваниеЗначение
  Тип записи a
  Библиографический уровень m
001 Контрольный номер RU/REG73/CBS_GRAD/1/712801682
005 Дата корректировки 20221122154833.8
010 Индекс ISBN __
a ISBN 978-5-9614-4119-2
101 Язык документа __
a Язык текста rus
200 Заглавие и сведения об ответственности __
a Заглавие Бесполезная классика
e Сведения, относящиеся к заглавию Почему художественная литература лучше учебников по управлению
f Первые сведения об ответственности Леонид Клейн
b Общее обозначение материала Текст
203 Вид содержания и тип средства __
a Вид содержания Текст (визуальный) : непосредственный
210 Выходные данные __
a Место издания Москва
c Издательство Альпина Паблишер
d Дата издания 2022
215 Физическое описание __
a Объем 212 с.
686 Индексы других классификаций __
a Классификационный индекс 83.3
700 Автор __
a Фамилия Клейн
g Полное личное имя Леонид
801 Источник записи _0
a Страна RU
b Организация RuCBSGrad
g Правила каталогизации PSBO
801 Источник записи _1
a Страна RU
b Организация RuCBSGrad
g Правила каталогизации PSBO
901 Тип документа __
t Тип документа m
981 __
b i
2 isbdcontent
g e
982 __
b n
2 isbdmedia
993 __
a 149238
b 44651
e 290645
f ЦГБ
h 663.30
i 290645
m 1
n 44775
o I
x 1
y 6